[Event "Australian Reserves"]
[Site "Adelaide"]
[Date "2004.01.10"]
[Round "11.11"]
[White "Silas, Frank"]
[Black "Lindberg, Douglas"]
[Result "1/2-1/2"]
[WhiteElo "1843"]
[BlackElo "1620"]
[PlyCount "68"]
[EventDate "2003.12.29"]
[EventType "swiss"]
[EventRounds "11"]
[EventCountry "AUS"]

1. e4 e6 2. d4 d5 3. Nd2 Nf6 4. e5 Nfd7 5. Bd3 c5 6. c3 Nc6 7. Ne2 Qb6 8. Nf3
cxd4 9. cxd4 f6 10. exf6 Bb4+ 11. Bd2 Nxf6 12. O-O O-O 13. a3 Bd6 14. b4 e5 15.
dxe5 Nxe5 16. Nxe5 Bxe5 17. Be3 Qc7 18. Rc1 Bxh2+ 19. Kh1 Qe5 20. Nd4 Bg4 21.
Nf3 Qh5 22. Re1 Kh8 23. Be2 Bf4+ 24. Kg1 Ne4 25. Bxf4 Rxf4 26. Rc7 Raf8 27. Qd4
R4f6 28. Rxb7 Rg8 29. Rd1 Rh6 30. Kf1 Rf6 31. Kg1 Rh6 32. Kf1 Re6 33. Kg1 Rh6
34. Kf1 Rf6 1/2-1/2

[Event "Australian Reserves"]
[Site "Adelaide"]
[Date "2004.01.10"]
[Round "11.12"]
[White "Peters, Duncan"]
[Black "Frost, Peter"]
[Result "1-0"]
[WhiteElo "1887"]
[BlackElo "1743"]
[PlyCount "61"]
[EventDate "2003.12.29"]
[EventType "swiss"]
[EventRounds "11"]
[EventCountry "AUS"]

1. e4 e6 2. Nf3 d5 3. e5 c5 4. b4 cxb4 5. a3 bxa3 6. Bxa3 Bxa3 7. Nxa3 Bd7 8.
d4 Ne7 9. Bd3 Ng6 10. g3 a6 11. h4 h5 12. O-O Nc6 13. c4 Nge7 14. Re1 Kf8 15.
Be2 Nf5 16. Nc2 dxc4 17. Bxc4 Nce7 18. Ne3 Bc6 19. Ng5 Bd5 20. Nxd5 Nxd5 21.
Ra3 b5 22. Ba2 b4 23. Rf3 g6 24. Qa4 Kg7 25. Qc6 Qa5 26. Bb3 Rhe8 27. Qb7 Nc7
28. Rc1 Rac8 29. Rc5 Qa1+ 30. Kg2 Nd5 31. Qxf7+ 1-0

[Event "Australian Reserves"]
[Site "Adelaide"]
[Date "2004.01.10"]
[Round "11.13"]
[White "Tulevski, Vasil G"]
[Black "Hoholis, Harry"]
[Result "0-1"]
[WhiteElo "1871"]
[BlackElo "1606"]
[PlyCount "112"]
[EventDate "2003.12.29"]
[EventType "swiss"]
[EventRounds "11"]
[EventCountry "AUS"]

1. d4 Nf6 2. c4 e6 3. Nc3 d5 4. cxd5 exd5 5. Bf4 Bd6 6. Bg5 c6 7. Qc2 Be6 8. e3
Nbd7 9. Bd3 h6 10. Bh4 Qc7 11. Nge2 Ng4 12. Bg3 Bxg3 13. Nxg3 h5 14. O-O-O
O-O-O 15. Kb1 Kb8 16. Rc1 Rc8 17. Nf5 Bxf5 18. Bxf5 g6 19. Bd3 f5 20. h3 Ngf6
21. Ne2 Ne4 22. Nf4 Qd6 23. Rcf1 c5 24. Bxe4 cxd4 25. Qd2 dxe4 26. Qxd4 Qxd4
27. exd4 Rc6 28. Rc1 Rhc8 29. Rxc6 Rxc6 30. Rc1 Rd6 31. Ne2 Nf6 32. Rc4 Nd5 33.
g3 g5 34. Kc1 f4 35. Kd1 f3 36. Nc3 e3 37. Ke1 Nxc3 38. Rxc3 exf2+ 39. Kxf2 g4
40. hxg4 hxg4 41. Rc4 b5 42. Rb4 Rd5 43. a4 a6 44. Ke3 Kc7 45. axb5 axb5 46.
Rb3 Kd6 47. Rd3 Rf5 48. Rd1 Rf7 49. Rd2 Re7+ 50. Kf4 Rf7+ 51. Ke3 Kd5 52. Rd1
Re7+ 53. Kd3 Re4 54. Kc3 b4+ 55. Kc2 Re2+ 56. Kb3 f2 0-1

[Event "Australian Reserves"]
[Site "Adelaide"]
[Date "2004.01.10"]
[Round "11.14"]
[White "Antoniazzi, Francesco"]
[Black "Cooke, Tristrom P"]
[Result "0-1"]
[WhiteElo "1665"]
[BlackElo "1486"]
[PlyCount "58"]
[EventDate "2003.12.29"]
[EventType "swiss"]
[EventRounds "11"]
[EventCountry "AUS"]

1. Nf3 Nf6 2. c4 c6 3. d4 d5 4. Nc3 dxc4 5. a4 Bf5 6. e3 Na6 7. Bxc4 Nb4 8.
Bxf7+ Kxf7 9. Qb3+ e6 10. Ng5+ Ke8 11. Nxe6 Bxe6 12. Qxe6+ Qe7 13. Qxe7+ Bxe7
14. O-O Nd3 15. Rd1 Nxc1 16. Raxc1 Kf7 17. d5 cxd5 18. Nxd5 Rac8 19. Nxe7 Kxe7
20. Kf1 Rhd8 21. Ke2 Rxc1 22. Rxc1 Rd6 23. Rc7+ Rd7 24. Rxd7+ Nxd7 25. e4 Nc5
26. Ke3 Nxa4 27. b3 Nc5 28. b4 Na6 29. b5 Nc7 0-1

[Event "Australian Reserves"]
[Site "Adelaide"]
[Date "2004.01.10"]
[Round "11.15"]
[White "Stead, Kerry"]
[Black "Stewart, Scott"]
[Result "1-0"]
[WhiteElo "1935"]
[BlackElo "1618"]
[PlyCount "105"]
[EventDate "2003.12.29"]
[EventType "swiss"]
[EventRounds "11"]
[EventCountry "AUS"]

1. f3 f5 2. Kf2 Nf6 3. c3 g6 4. Ke3 Bg7 5. Kd3 O-O 6. Qe1 Qe8 7. Kc2 e5 8. e3
d6 9. Nh3 h6 10. Nf2 Bd7 11. Be2 b5 12. d4 a5 13. Bd2 c5 14. dxc5 dxc5 15. a4
b4 16. Bc4+ Kh8 17. b3 e4 18. f4 Bc6 19. Ra2 Nbd7 20. Be2 Nb6 21. Kc1 c4 22.
bxc4 b3 23. Ra3 Nxa4 24. Rxb3 Nc5 25. Ra3 Rf7 26. Bd1 Rb7 27. Bc2 Rab8 28. Ra2
Ng4 29. Nxg4 Rxb1+ 30. Bxb1 fxg4 31. Qe2 Ba4 32. Bc2 Bxc2 33. Kxc2 a4 34. Rb2
Nd3 35. Qd1 Rc8 36. Qxg4 Qc6 37. Rb3 Qxc4 38. Qxg6 Nf2 39. Rb7 Qd3+ 40. Kc1
Qf1+ 41. Kb2 Nd1+ 42. Ka2 Qc4+ 43. Kb1 Rg8 44. Qd6 Bf8 45. Qe5+ Rg7 46. Rb8 Kg8
47. Qd4 Qf1 48. Qd5+ Rf7 49. Kc2 Qe2 50. Qxe4 Kg7 51. Rb4 Nxc3 52. Qe5+ Kg8 53.
Qxc3 1-0

[Event "Australian Reserves"]
[Site "Adelaide"]
[Date "2004.01.10"]
[Round "11.16"]
[White "Davis, Tony J"]
[Black "Clark, Domenic"]
[Result "0-1"]
[WhiteElo "1748"]
[BlackElo "1636"]
[PlyCount "66"]
[EventDate "2003.12.29"]
[EventType "swiss"]
[EventRounds "11"]
[EventCountry "AUS"]

1. d4 e6 2. c4 f5 3. g3 Nf6 4. Bg2 c6 5. Nf3 d5 6. O-O Bd6 7. b3 Qe7 8. Bb2 O-O
9. Nbd2 Bd7 10. Ne5 Be8 11. f3 Bh5 12. Qc2 Nbd7 13. Rae1 Rac8 14. e4 fxe4 15.
fxe4 Nxe5 16. dxe5 Bc5+ 17. Kh1 Ng4 18. exd5 cxd5 19. h3 Ne3 20. Rxf8+ Qxf8 21.
Qd3 Qf2 22. Rg1 Bg6 23. Qc3 Rf8 24. cxd5 Nxd5 25. Qc1 Be3 26. Rf1 Qxd2 27.
Rxf8+ Kxf8 28. Ba3+ Kf7 29. Qf1+ Qf2 30. Qd1 Bd3 31. Bxd5 exd5 32. Qh5+ Bg6 33.
e6+ Kg8 0-1

[Event "Australian Reserves"]
[Site "Adelaide"]
[Date "2004.01.10"]
[Round "11.17"]
[White "Alkin, John"]
[Black "Murray, Russell"]
[Result "1/2-1/2"]
[WhiteElo "1583"]
[BlackElo "1727"]
[PlyCount "26"]
[EventDate "2003.12.29"]
[EventType "swiss"]
[EventRounds "11"]
[EventCountry "AUS"]

1. Nf3 Nf6 2. g3 e6 3. Bg2 d5 4. O-O Be7 5. d3 O-O 6. Nbd2 c5 7. Re1 Nc6 8. e4
dxe4 9. Nxe4 Nxe4 10. Rxe4 b6 11. Re1 Bb7 12. c3 Qc7 13. Qc2 Rfd8 1/2-1/2

[Event "Australian Reserves"]
[Site "Adelaide"]
[Date "2004.01.10"]
[Round "11.19"]
[White "Brockman, Roland"]
[Black "Lindberg, Gordon"]
[Result "0-1"]
[WhiteElo "1604"]
[BlackElo "1690"]
[PlyCount "92"]
[EventDate "2003.12.29"]
[EventType "swiss"]
[EventRounds "11"]
[EventCountry "AUS"]

1. d4 Nf6 2. Nf3 g6 3. Bg5 Bg7 4. Nbd2 O-O 5. c3 d6 6. e3 Nbd7 7. a4 b6 8. a5
c6 9. axb6 Nxb6 10. Be2 h6 11. Bxf6 Bxf6 12. O-O Bf5 13. e4 Be6 14. Bd3 Qc7 15.
Re1 c5 16. e5 Bg7 17. exd6 exd6 18. Bxg6 Bg4 19. dxc5 dxc5 20. Be4 Rad8 21. Qc2
Rd6 22. Nh4 Rfd8 23. Ndf3 Nc4 24. Nf5 Rf6 25. Nxg7 Kxg7 26. Rad1 Rb8 27. b3 Nd6
28. Bd5 Rd8 29. c4 Nf5 30. Qc3 Qf4 31. g3 Qd6 32. Rd3 Bxf3 33. Rxf3 Nd4 34.
Rxf6 Qxf6 35. Qe3 Rd7 36. f4 Nc2 37. Qe8 Rd8 38. Qe5 Nxe1 39. Qxe1 Rb8 40. Qa5
Qe7 41. Qa2 Re8 42. Qb2+ Kg8 43. Bf3 Rd8 44. Kf2 Rd3 45. Kg2 Qe3 46. Qf2 Rd2
0-1

[Event "Australian Reserves"]
[Site "Adelaide"]
[Date "2004.01.10"]
[Round "11.20"]
[White "Ly, Moulthun"]
[Black "Short, Andrew"]
[Result "1-0"]
[WhiteElo "1646"]
[BlackElo "1482"]
[PlyCount "57"]
[EventDate "2003.12.29"]
[EventType "swiss"]
[EventRounds "11"]
[EventCountry "AUS"]

1. e4 d5 2. d4 dxe4 3. Nc3 Nf6 4. f3 exf3 5. Nxf3 e6 6. Bg5 Be7 7. Bd3 c5 8.
dxc5 Qa5 9. O-O Qxc5+ 10. Kh1 Nbd7 11. Qe2 O-O 12. Rae1 Qa5 13. Ne4 Qd8 14. Nd4
g6 15. Bh6 Re8 16. Ng5 Nc5 17. Bb5 Bd7 18. b4 Bxb5 19. Nxb5 Ncd7 20. Nxf7 Qb6
21. Be3 Qc6 22. Nd4 Qc8 23. Nh6+ Kh8 24. Nxe6 Bxb4 25. Bd4 Bc3 26. Qd3 Qc6 27.
Qxc3 Rxe6 28. Rxe6 Qxe6 29. Rxf6 1-0

[Event "Australian Reserves"]
[Site "Adelaide"]
[Date "2004.01.10"]
[Round "11.23"]
[White "Juszczynski, Mathew"]
[Black "Lindberg, Eric"]
[Result "1-0"]
[WhiteElo "101"]
[BlackElo "1426"]
[PlyCount "47"]
[EventDate "2003.12.29"]
[EventType "swiss"]
[EventRounds "11"]
[EventCountry "AUS"]

1. c4 e5 2. g3 g6 3. Bg2 Bg7 4. Nc3 Nc6 5. e3 d6 6. Nge2 Nf6 7. O-O O-O 8. h3
Re8 9. d4 e4 10. a3 Re7 11. b4 Qe8 12. Qc2 Nd8 13. Bb2 c6 14. d5 Bd7 15. Rac1
Rc8 16. Qb1 b5 17. cxb5 cxb5 18. g4 h6 19. Ng3 Rc4 20. Rfd1 a6 21. Bf1 Rc8 22.
Rd4 Nxg4 23. Ncxe4 Bxd4 24. Bxd4 1-0